000 00724nam a2200265 a 4500
999 _c5304
_d5304
001 5304
003 BD-JhCC
005 20180325130055.0
008 171212b xxu||||| |||| 00| 0 eng d
020 _a0127519602
035 _a(BD-JhCC)5304
040 _aBD-JhCC
_dBD-JhCC
041 _aeng
082 _a650.1
_bWIL 1984
100 _aWilkes, Mary
245 _aProfessional development :
_bThe dynamic of success /
_cMary Wilkes, C. Bruce Crosswait,
250 _a7th ed.
260 _aUSA :
_bAcademic press College division,
_c1984.
300 _a406 p. :
_bills;
_c25 cm.
500 _aInclude Index
650 _asuccess in business
700 _aCrosswait, C. Bruce
942 _2ddc
_cBK